|
|
|
|
| LEADER |
00000cam a2200000 7i4500 |
| 001 |
0000040175 |
| 005 |
20140312.0 |
| 008 |
140312 |
| 020 |
|
|
|a 9830688176
|
| 090 |
0 |
0 |
|a 808.0683
|b HAN
|
| 100 |
1 |
|
|a Hanley, Victoria
|
| 245 |
1 |
0 |
|a Kuasai cerita anda :
|b panduan penulisan kreatif untuk remaja
|c Victoria Hanley
|
| 260 |
|
|
|a KL :
|b ITBMB ,
|c 2012
|
| 650 |
|
0 |
|a Authorship
|x Juvenile literature
|
| 650 |
|
0 |
|a Authorship
|x Vocational guidance
|
| 650 |
|
0 |
|a Child authors
|x Handbooks, manual, etc
|x Juvenile literature
|
| 650 |
|
0 |
|a Creative writing
|x Handbooks manual, etc
|x Juvenile literature
|
| 999 |
|
|
|a 0001278279
|b Book
|c Adult Collection
|e Cawangan Bandar Penawar
|
| 999 |
|
|
|a 0001278280
|b Book
|c Adult Collection
|e Cawangan Muar
|
| 999 |
|
|
|a 0001278281
|b Book
|c Adult Collection
|e Cawangan Kota Tinggi
|
| 999 |
|
|
|a 0001278282
|b Book
|c Adult Collection
|e Cawangan Pontian
|
| 999 |
|
|
|a 0001278283
|b Book
|c Adult Collection
|e Cawangan Tmn. Ungku Tun Aminah
|
| 999 |
|
|
|a 0001278284
|b Book
|c Adult Collection
|e Cawangan Segamat
|
| 999 |
|
|
|a 0001278286
|b Book
|c Adult Collection
|e Cawangan Bandar Tenggara
|
| 999 |
|
|
|a 0001278287
|b Book
|c Adult Collection
|e Cawangan Taman Sri Lambak
|
| 999 |
|
|
|a 0001278288
|b Book
|c Adult Collection
|e Cawangan Tangkak
|
| 999 |
|
|
|a 0001278289
|b Book
|c Adult Collection
|e Cawangan Mersing
|
| 999 |
|
|
|a 0001278291
|b Book
|c Adult Collection
|e Cawangan Bukit Gambir
|
| 999 |
|
|
|a 0001279191
|b Book
|c Adult Collection
|e Perbadanan Perpustakaan Awam Johor
|